Echo's lucky charm / (Record no. 2098)

MARC details
000 -LEADER
fixed length control field 01150cam a2200313 i 4500
005 - DATE AND TIME OF LATEST TRANSACTION
control field 20240221100605.0
020 ## - INTERNATIONAL STANDARD BOOK NUMBER
International Standard Book Number 9780545750257
040 ## - CATALOGING SOURCE
Original cataloging agency DLC
Language of cataloging eng
Description conventions rda
Transcribing agency DLC
050 00 - LIBRARY OF CONGRESS CALL NUMBER
Classification number PZ7.H1996
Item number Ech 2015
082 00 - DEWEY DECIMAL CLASSIFICATION NUMBER
Classification number 813.6
100 1# - MAIN ENTRY--PERSONAL NAME
Personal name Hapka, Cathy
Relator term author
245 10 - TITLE STATEMENT
Title Echo's lucky charm /
Statement of responsibility, etc. by Catherine Hapka ; illustrated by Hollie Hibbert
260 ## - PUBLICATION, DISTRIBUTION, ETC.
Place of publication, distribution, etc. New York :
Name of publisher, distributor, etc. Scholastic,
Date of publication, distribution, etc. 2015
300 ## - PHYSICAL DESCRIPTION
Extent 92 pages :
Other physical details illustrations
Dimensions 20 cm
490 0# - SERIES STATEMENT
Series statement Dolphin school ;
Volume/sequential designation 2
505 ## - FORMATTED CONTENTS NOTE
Formatted contents note K
520 ## - SUMMARY, ETC.
Summary, etc. Echo is helping her friends, Pearl, Splash, and Flip study for their first test in Magic class at dolphin school, but when Echo loses her lucky shell necklace she is barely able to do any magic until the friends finally find the shell--and a big surprise.
521 2# - TARGET AUDIENCE NOTE
Target audience note 600
Source Lexile
521 0# - TARGET AUDIENCE NOTE
Target audience note K
Source Raz-Plus
650 #1 - SUBJECT ADDED ENTRY--TOPICAL TERM
Topical term or geographic name entry element Dolphins
Form subdivision Fiction.
650 #1 - SUBJECT ADDED ENTRY--TOPICAL TERM
Topical term or geographic name entry element Magic
Form subdivision Fiction.
650 #1 - SUBJECT ADDED ENTRY--TOPICAL TERM
Topical term or geographic name entry element Examinations
Form subdivision Fiction.
650 #1 - SUBJECT ADDED ENTRY--TOPICAL TERM
Topical term or geographic name entry element Lost and found possessions
Form subdivision Fiction.
650 #1 - SUBJECT ADDED ENTRY--TOPICAL TERM
Topical term or geographic name entry element Schools
Form subdivision Fiction.
700 1# - ADDED ENTRY--PERSONAL NAME
Personal name Hibbert, Hollie
Relator term illustrator
906 ## - LOCAL DATA ELEMENT F, LDF (RLIN)
a 7
b cbc
c orignew
d 2
e ncip
f 20
g y-gencatlg
942 ## - ADDED ENTRY ELEMENTS (KOHA)
Source of classification or shelving scheme Dewey Decimal Classification
Koha item type Books
Suppress in OPAC No
999 ## -
-- 2098
-- 2098
Holdings
Withdrawn status Lost status Source of classification or shelving scheme Damaged status Not for loan Collection Home library Current library Shelving location Date acquired Total Checkouts Full call number Barcode Date last seen Date last checked out Copy number Price effective from Koha item type
    Dewey Decimal Classification     Juvenile Fiction Footprints International School Library Network Toul Kork Campus Footprints International School Library Network Toul Tom Poung Campus TK Primary Library Room(4th Floor), Bookcase 3&4, Shelves 17-32, Yellow Books 11/06/2023 2 HAP 813.6 PZ7.H1996 FISTK05271 03/11/2026 02/25/2026 1 11/06/2023 Books
    Dewey Decimal Classification     Juvenile Fiction Footprints International School Library Network Toul Tom Poung Campus Footprints International School Library Network Toul Tom Poung Campus TTP Primary Yellow Bookshelves 07/16/2025   HAP 813.6 PZ7.H1996 FIS05509 07/16/2025   2 07/16/2025 Books